[Event "45th Olympiad 2024"]
[Site "Budapest HUN"]
[Date "2024.09.21"]
[Round "10.50"]
[Board "2"]
[White "Colindres, Daniel"]
[Black "Pasko, Llambi"]
[Result "0-1"]
[WhiteElo "2079"]
[BlackElo "2396"]
[PlyCount "72"]
[EventDate "2024.09.11"]
[WhiteTeam "Honduras"]
[BlackTeam "Albania"]
[WhiteTeamCountry "HON"]
[BlackTeamCountry "ALB"]

1. e4 {Tsesarsky,Ilya} e5 2. Nf3 Nc6 3. Nc3 Nf6 4. Bb5 Nd4 5. O-O Nxb5 6. Nxb5 c6 7. Nc3 d6 8. d4 Qc7 9. Nh4 ({RR} 9. Bg5 Be7 10. h3 ({RR} 10. Qd3 O-O 11. Rfd1 ({RR} 11. Rad1 Bg4 12. Rd2 Rad8 13. Ne1 h6 14. Bh4 Nh5 15. Bxe7 Qxe7 16. h3 Nf4 17. Qg3 Bc8 18. Nf3) 11... Rd8 12. Bxf6 Bxf6 13. d5 c5 14. Nd2 Bd7 15. a4 a6 16. a5 Rf8 17. Nc4 Rad8 18. Nb6 g6 19. Ne2 Bg7 20. Ra3 f5) 10... h6 ({RR} 10... O-O 11. Qd2 b5 12. a3 a6 13. Rfd1 Re8 14. Qe3 exd4 15. Nxd4 c5 16. Bxf6 Bxf6 17. Nd5 cxd4 18. Nxc7 dxe3 19. Nxe8 Bxb2 20. Rab1 exf2+ 21. Kxf2 Bxa3 22. Nxd6 Be6) 11. Bh4 g5 ({RR} 11... O-O 12. Bg3 Nd7 13. Qd2 Kh7 14. Rad1 Re8 15. Kh1 Bf8 16. Nh4 Nf6 17. Bh2 b5 18. Qd3 b4 19. Ne2 Qb6 20. dxe5 dxe5) 12. dxe5 gxh4 ({RR} 12... dxe5 13. Bg3 Nd7 ({RR} 13... Bd6 14. Qd3 Be6 15. Nd4 ({RR} 15. Rfd1 O-O-O 16. Qe3 b6 ({RR} 16... Kb8 17. Rxd6) 17. Rxd6 Qxd6 18. Nxe5 Qd2 19. Nxc6 Qxe3 20. fxe3 Rd7 ({RR} 20... Nh5 21. Be5 f6 22. Nxd8 Rxd8 23. Bd4) 21. Be5) 15... exd4 16. Qxd4 Bxg3 17. fxg3 Qxg3 18. Rf3 Qc7 19. Qxf6 Rg8 20. Raf1 Rd8 21. Qxh6 Qb6+ 22. Kh1 Qxb2 23. Rb1 Qxc2 24. Rxb7 Rd7 25. Rb8+ Rd8) 14. Nd4 Qb6 15. Nb3 Qc7 16. a4) 13. exf6 Bxf6 14. Re1 Rg8 ({RR} 14... Be6 15. Nd4 ({RR} 15. e5 dxe5 16. Qe2 O-O-O 17. Nxe5 Rhg8 18. Kh1 Bxe5 19. Qxe5 Qxe5 20. Rxe5 Rd2 21. Re2 Rxe2 22. Nxe2 Rd8) 15... O-O-O 16. Qd2 ({RR} 16. Nxe6 fxe6 17. Qg4 Qf7 18. Rad1 Rhg8) 16... Qb6) 15. Kh1 Rg6 ({RR} 15... Be6 16. Nd4 ({RR} 16. Qd2 O-O-O ({RR} 16... Rg6 17. Rad1 ({RR} 17. Qe3 Qa5 18. Rad1 O-O-O 19. e5 dxe5 20. Rxd8+ Bxd8 21. Nxe5 Rf6 ({RR} 21... Bb6 22. Qf3 Bd5 23. Qf5+ Be6 24. Qf3 Bd5)) 17... O-O-O) 17. Qxh6) 16... O-O-O 17. Qd2 ({RR} 17. Nxe6 fxe6 18. Qf3 Rdf8) 17... Rg6 18. Rad1 Rdg8 19. Rg1 Qb6) 16. e5 Be7 ({RR} 16... dxe5 17. Qd4 ({RR} 17. Ne4 Be7) ({RR} 17. Nxe5 Bxe5 18. f4 ({RR} 18. Qh5 Re6) 18... Be6 19. Rxe5 Rd8 20. Qe1 Kf8 21. Qxh4 Rd2 22. Re2) 17... Be6 18. Nxe5 Rg8 19. f4) ({RR} 16... Bxe5 17. Nxe5 dxe5 18. Qh5 Be6 19. Rad1 Rd8 20. Rxd8+ Kxd8 21. Rxe5 Kc8 22. b3 ({RR} 22. Re4 Qb6) 22... Qd6 23. Ne4 Qd4 ({RR} 23... Qa3 24. Qxh4 Qxa2 25. Nd6+ Kd7 26. Nxf7) 24. c3 Qd3 25. Kh2 Qf1 26. Qf3) 17. Nxh4 Re6 18. exd6 Rxe1+ ({RR} 18... Rxd6 19. Qf3 Be6 20. Nf5) 19. Qxe1 Qxd6 20. Qe4 ({RR} 20. Nf3 Bf5 21. Rd1) ({RR} 20. Rd1 Qf4 ({RR} 20... Qb4 21. Nf3 Qxb2 22. Nd4 Qa3 ({RR} 22... Qb4 23. Qe3 Bd7 ({RR} 23... Qc5 24. Ne4 Qe5 25. f4 Qc7 26. f5) 24. Rb1) 23. Ne4 ({RR} 23. Qe3 Bd7 24. Rd3 Qa5 25. Qxh6 O-O-O 26. Qf4) 23... Kf8 24. Qd2 Kg7 25. Qf4) 21. Nf3 Be6 22. Nd4) 20... Qf6 21. Re1 Be6 22. Nf3 ({RR} 22. Ng6 fxg6 ({RR} 22... Bd6 23. Ne5 O-O-O 24. Nd3) 23. Qxe6 Qxe6 24. Rxe6 Kf7 25. Re2 Rd8) 22... O-O-O 23. Qe3 Bb4 {0-1 Sutovsky,E (2575)-Piket,J (2605) Olympiad-33 Elista 1998 (10.3)} ({RR} 23... Kb8) {RR} 24. a3 Bxc3 25. Qxc3 Qxc3 26. bxc3) ({RR} 9. Be3 Be7 10. dxe5 dxe5 11. Qd3 O-O 12. h3 ({RR} 12. Qc4 Be6 13. Qe2 b5) 12... h6 13. Rfd1 Be6 14. a3) ({RR} 9. a4 Be7 10. h3 O-O ({RR} 10... a5 11. Be3 O-O 12. Re1 Re8 13. Qd3) 11. b3 ({RR} 11. Re1 Re8 12. Be3 Bf8 13. a5 g6 14. Qd2) 11... Re8 12. Re1 b6 13. Bg5 a6 14. d5 c5 15. Nh4 g6 16. Qd2 Nh5) ({RR} 9. Qe2 Be7 10. Be3 O-O 11. h3 b5 12. Bg5 h6 13. Bh4 Nh5 14. Bxe7 Nf4 15. Qe3 Qxe7 16. Ne2) ({RR} 9. Ne1 Be7 10. Kh1 b5 11. a3 Bb7 12. f4 exd4 13. Qxd4 c5 14. Qd3 ({RR} 14. Nxb5 Qd7 15. Qc4 Bxe4 16. Nc3 d5 17. Qe2 O-O) 14... a6 15. Nf3) ({RR} 9. Qd3 Be7 10. Ne2 O-O 11. c3 Bg4 12. Ng3 Rad8 13. h3 Bxf3 14. Qxf3) ({RR} 9. h3 Be7 10. Be3 ({RR} 10. Re1 O-O 11. Bg5 Ne8 12. Be3 Be6 13. a4 b6 14. Qd3 f5 15. dxe5 fxe4 16. Qxe4 d5 17. Qd3 Rxf3 18. gxf3 Qxe5 19. f4 ({RR} 19. Bd2 Qf6 20. Qe2 Qg6+ 21. Kh2 Bd6+ 22. f4 Bf5)) ({RR} 10. Qd3 O-O 11. Ne2 d5 12. Nxe5 Nxe4) 10... h6 11. a4 g5 12. Nh2 Rg8 13. Ng4 h5 14. Nxf6+ Bxf6 15. dxe5 dxe5 16. f3 ({RR} 16. Qxh5 g4 17. hxg4 Bxg4 18. Qh6 Qe7 19. Bc5 Qe6 20. f3 Bh3 21. Rf2 b6 22. Ba3 O-O-O) 16... g4 17. fxg4 Bh4 18. g5 Bxg5 19. Bxg5 Rxg5 20. Qf3 Qe7 21. Kh2) 9... Be7 $146 ({RR} 9... exd4 10. Qxd4 Be7 11. Nf5 Bxf5 12. exf5 O-O 13. Bf4 Qd7 14. Qd3 d5 15. Be5 Ng4 16. Bf4 Bd6 17. Ne2 Rfe8 18. Bxd6 Qxd6 19. Ng3 Qf4 {½-½ Eric,J (2292)-Stojanovic,A (2348) SRB-chT (Women) 2020 (6.3)}) 10. f4 Qb6 11. Nf3 Bg4 12. Be3 d5 13. fxe5 Nxe4 14. Qd3 Nxc3 15. bxc3 Bh5 16. Rab1 Qc7 17. c4 dxc4 18. Qxc4 O-O 19. Rf2 Rad8 20. Qb3 b6 21. c3 Qd7 22. Rbf1 h6 23. Nd2 Bg6 24. Rf3 c5 25. Rg3 Kh7 26. Nf3 cxd4 27. cxd4 Qd5 28. Qa4 a5 29. Nd2 Rc8 30. Qb3 Rfd8 31. Qxb6 Qxa2 32. h4 Bxh4 33. Rh3 Be7 34. Nb3 h5 35. Nxa5 Qd5 36. Nb3 Rb8 0-1

[Event "45th Olympiad 2024"]
[Site "Budapest HUN"]
[Date "2024.09.21"]
[Round "10.50"]
[Board "3"]
[White "Mehmeti, Dritan"]
[Black "Gavarrete, Joel"]
[Result "1-0"]
[WhiteElo "2364"]
[BlackElo "2059"]
[PlyCount "103"]
[EventDate "2024.09.11"]
[WhiteTeam "Albania"]
[BlackTeam "Honduras"]
[WhiteTeamCountry "ALB"]
[BlackTeamCountry "HON"]

1. e4 e5 2. Nf3 Nf6 3. Nxe5 d6 4. Nf3 Nxe4 5. Nc3 Nxc3 6. dxc3 Be7 7. Bd3 Nc6 8. Be3 Bg4 9. h3 Bh5 10. g4 Bg6 11. Bxg6 hxg6 12. Qd5 $146 ({RR} 12. Qd3 Qd7 13. O-O-O O-O-O 14. Qd5 Rdf8 15. Nd4 Nd8 16. f4 a6 17. f5 gxf5 18. Nxf5 Bf6 19. Qf3 Qc6 20. Qf2 Ne6 21. h4 Kb8 22. h5 Qa4 23. Kb1 Qxg4 24. h6 gxh6 25. Nxd6 Bg5 26. Nf5 Bxe3 {1-0 Murzin,V (2478)-Jobava,B (2603) PNWCC Online Blitz JP 22 2021 (8)}) 12... Qd7 13. O-O-O Qe6 14. c4 Qxd5 15. cxd5 Ne5 16. Nd4 Nc4 17. Bf4 Bf6 18. b3 g5 19. bxc4 gxf4 20. Nf3 Kd7 21. h4 g6 22. Rde1 Rae8 23. Rxe8 Rxe8 24. Kd2 c6 25. dxc6+ Kxc6 26. h5 gxh5 27. gxh5 d5 28. cxd5+ Kxd5 29. h6 Rc8 30. h7 Ke4 31. Ng5+ Bxg5 32. h8=Q Rxh8 33. Rxh8 Kf3 34. Rh2 Be7 35. Ke1 Ke4 36. Rh7 Bc5 37. Kf1 b6 38. Rxf7 a5 39. Ke2 Bd6 40. f3+ Kd4 41. Rd7 Kc5 42. Kd3 Be5 43. Ke4 Bd6 44. Rxd6 Kxd6 45. Kxf4 Kd5 46. Kg5 Kc4 47. f4 b5 48. f5 b4 49. f6 Kc3 50. f7 Kxc2 51. f8=Q Kb1 52. Qf5+ 1-0

[Event "45th Olympiad 2024"]
[Site "Budapest HUN"]
[Date "2024.09.21"]
[Round "10.50"]
[Board "4"]
[White "Soliz Gabarrete, Luis Fernando"]
[Black "Veleshnja, Zino"]
[Result "0-1"]
[WhiteElo "1920"]
[BlackElo "2294"]
[PlyCount "122"]
[EventDate "2024.09.11"]
[WhiteTeam "Honduras"]
[BlackTeam "Albania"]
[WhiteTeamCountry "HON"]
[BlackTeamCountry "ALB"]

1. e4 c5 2. Nf3 d6 3. c3 Nf6 4. h3 g6 5. Bd3 Bg7 6. Bc2 O-O 7. d4 cxd4 8. cxd4 Nc6 9. Nc3 b6 ({RR} 9... Nd7 10. O-O e5 11. Bg5 Qa5 12. d5 Nd4 13. Be7 Re8 14. Bxd6 b5 15. Bd3 a6 16. Nxd4 exd4 17. Ne2 Qb6 18. Bf4 Nc5 19. Ng3 Bd7 20. Re1 b4 21. Bc4 Bb5 22. Rc1 Rad8 23. b3 h5 24. Qf3 {0-1 Fedoseev,V (2704)-Sarana,A (2685) Chess.com Rapid Wk3 Swiss 2022 (7)}) ({RR} 9... Bd7 10. O-O Rc8 11. e5 Ne8 12. Re1 Nb4 13. Bb3 e6 14. Bg5 Qb6 15. Be7 d5 16. Bxf8 Bxf8 17. Na4 Qa5 18. Nc3 Qa6 19. Qe2 Qb6 20. a3 Nc6 21. Ba4 Nxd4 22. Nxd4 Bxa4 23. Nxe6 Rxc3 24. bxc3 {0-1 Vincenti,L (2160)-Wael Sabry,M (2096) Titled Tue 27th Aug Early 2024 (7)}) 10. O-O Ba6 $146 ({RR} 10... Nb4 11. Bb1 d5 12. e5 Ne8 13. Qb3 Nc6 14. Qxd5 Bb7 15. Qxd8 Rxd8 16. Be4 Ba8 17. Be3 Nc7 18. Rac1 Rd7 19. Rfd1 Rfd8 20. a3 h6 21. b4 e6 22. Bc2 a6 23. Ne4 Nb5 24. Ba4 Ncxd4 25. Nxd4 {1-0 Epstein,E (2255)-Bednarska,M (2150) Olympiad Women-30 1992 (4)}) ({RR} 10... Bb7 11. Re1 Rc8 12. Be3 Na5 13. Nd2 d5 14. e5 Ne8 15. f4 e6 16. Nf3 b5 17. Ne2 Nc4 18. Bc1 Qa5 19. Ng3 Nc7 20. a3 Na6 21. b3 Qc3 22. Ra2 Nb6 23. Bd3 Qc6 24. Ne2 Nb8 25. Bd2 {1-0 Mocchi,T (2245)-Franca,V (1927) Trieste op 15th 2013 (6)}) ({RR} 10... Nb4 11. Bb1 Bb7 12. Bf4 Re8 13. a3 Nc6 14. Ba2 e5 15. dxe5 dxe5 16. Bg5 h6 17. Bxf6 Bxf6 18. Nd5 Bg7 19. Qe2 Rc8 20. Rfd1 Nd4 21. Qd3 Kh8 22. Nc3 Qe7 23. Bd5 Red8 24. Rac1 f5 25. Re1 {½-½ Gunajew,R (2260)-Smirnov,S (2333) IBCA-ol blind 14th 2012 (4.3)}) 11. Re1 Rc8 12. Be3 Nd7 13. Rc1 Na5 14. Nd2 e5 15. d5 f5 16. f3 f4 17. Bf2 g5 18. a4 h5 19. Nb5 Bxb5 20. axb5 Bh6 21. b4 Nb7 22. Bd3 g4 23. Rxc8 Qxc8 24. fxg4 Qc3 25. Qc2 Qxc2 26. Bxc2 hxg4 27. hxg4 Rc8 28. Bd3 Rc3 29. Bf1 Rc7 30. Nc4 Nd8 31. Bh4 Nf7 32. Kf2 Nf8 33. Bd3 Ng6 34. Bf6 Bg7 35. g5 Bxf6 36. gxf6 Nf8 37. Kf3 Nh7 38. Kg4 Nxf6+ 39. Kf5 Kg7 40. Ke6 Rd7 41. Kf5 Nh6+ 42. Kg5 Nh7+ 43. Kh4 Kf6 44. Be2 Ng5 45. Bg4 Rh7 46. Bh5 Nxe4 47. Rxe4 Nf5+ 48. Kg4 Rxh5 49. Kxh5 Ng3+ 50. Kg4 Nxe4 51. Kf3 Nc3 52. Nxd6 Nxd5 53. Nc8 Nxb4 54. Nxa7 Kf5 55. Nc8 e4+ 56. Kf2 Nd5 57. g3 fxg3+ 58. Kxg3 Ke5 59. Kf2 Kd4 60. Nd6 e3+ 61. Ke2 Nf4+ 0-1

[Event "45th Olympiad 2024"]
[Site "Budapest HUN"]
[Date "2024.09.21"]
[Round "10.51"]
[Board "1"]
[White "KIGIGHA, Bomo Lovet"]
[Black "Ssegwanyi, Arthur"]
[Result "1-0"]
[WhiteElo "2217"]
[BlackElo "2365"]
[PlyCount "145"]
[EventDate "2024.09.11"]
[WhiteTeam "Nigeria"]
[BlackTeam "Uganda"]
[WhiteTeamCountry "NGR"]
[BlackTeamCountry "UGA"]

1. d4 Nf6 2. c4 e6 3. Nf3 d5 4. Nc3 Nbd7 5. cxd5 exd5 6. Bg5 h6 7. Bh4 Be7 8. e3 c6 9. Bd3 O-O 10. Qc2 Re8 11. h3 a6 ({RR} 11... Ne4) 12. Bg3 $146 ({RR} 12. O-O Ne4 13. Bxe7 Qxe7 14. Bxe4 dxe4 15. Nd2 Nf6 16. f3 exf3 17. Rxf3 Be6 18. Re1 Rad8 19. Nb3 Bxb3 20. Qxb3 Rxd4 21. Re2 Rd7 22. Ref2 Qe6 23. Qb4 Ne4 24. Nxe4 Qxe4 25. Qa5 Qe5 26. Qb4 Rd1+ {0-1 Kemlitz,A-Schaper,B NRW-ch U15 Bad Driburg 1995 (10)}) ({RR} 12. O-O Nf8 13. Ne5 N6d7 14. Bg3 Nxe5 15. dxe5 Bh4 16. Bh2 b5 17. Rad1 Qb6 18. Kh1 Bb7 19. Ne2 c5 20. Qd2 Rad8 21. f4 d4 22. exd4 cxd4 23. f5 Bg5 24. Qe1 Be3 25. Qg3 Bd5 26. Nf4 Bxf4 {1-0 Ambartsumova,K (2418)-Zgadzaj,R (1920) Titled Tue 14th Nov Late 2023 (2)}) ({RR} 12. O-O-O b5 13. Kb1 Bb7 14. g4 c5 15. g5 hxg5 16. Bxg5 c4 17. Bf5 b4 18. Na4 Qa5 19. Rhg1 Kf8 20. Bxd7 Nxd7 21. Bxe7+ Rxe7 22. Qh7 Ke8 23. Qh8+ Nf8 24. Nc5 g6 25. Ng5 Rc7 26. Nh7 Ke7 {1-0 Nagybiro,L (2128)-Horvath,J (2068) HUN-chT2 Asztalos 1617 2016 (2.1)}) 12... Bb4 13. O-O Qe7 14. Ne5 c5 15. a3 Bxc3 16. bxc3 c4 17. Be2 Ne4 18. Bh2 Nxe5 19. Bxe5 Bf5 20. Qb2 b5 21. a4 bxa4 22. Rxa4 Nc5 23. Ra5 Nd3 24. Bxd3 Bxd3 25. Rfa1 Qg5 26. Rxa6 Rxa6 27. Rxa6 Be4 28. Bg3 h5 29. h4 Qg4 30. Kh2 Qd1 31. Qb5 Rf8 32. f3 Bxf3 33. gxf3 Qe2+ 34. Kg1 Qxf3 35. Bf2 Qg4+ 36. Kf1 Qd1+ 37. Kg2 Qg4+ 38. Bg3 Qe2+ 39. Bf2 Qg4+ 40. Kh2 Qf3 41. Ra2 Rd8 42. Qb1 Re8 43. Qh1 Qf5 44. Qg2 Re4 45. Ra1 Rg4 46. Bg3 Qe6 47. Qf3 g6 48. Ra5 Re4 49. Bf4 Qf5 50. Qh3 Rxf4 51. exf4 Qxf4+ 52. Qg3 Qd2+ 53. Kh3 Qd1 54. Ra2 Qh1+ 55. Rh2 Qf1+ 56. Rg2 Qh1+ 57. Qh2 Qe1 58. Rg3 Qe6+ 59. Kg2 Qe2+ 60. Kh1 Qe1+ 61. Qg1 Qe4+ 62. Qg2 Qxh4+ 63. Kg1 Qf4 64. Qf3 Qd2 65. Qxd5 Qe1+ 66. Kh2 Qf2+ 67. Qg2 Qe1 68. Qf3 Kg7 69. Qe3 Qd1 70. Rg1 Qc2+ 71. Rg2 Qd1 72. d5 Kh7 73. Qd4 1-0

[Event "45th Olympiad 2024"]
[Site "Budapest HUN"]
[Date "2024.09.21"]
[Round "10.51"]
[Board "2"]
[White "Kawuma, Patrick"]
[Black "OSUNFUYI, Abimbola"]
[Result "1-0"]
[WhiteElo "2207"]
[BlackElo "2164"]
[PlyCount "67"]
[EventDate "2024.09.11"]
[WhiteTeam "Uganda"]
[BlackTeam "Nigeria"]
[WhiteTeamCountry "UGA"]
[BlackTeamCountry "NGR"]

1. c4 Nf6 2. g3 e6 3. Nf3 d5 4. d4 Be7 5. Bg2 O-O 6. O-O dxc4 7. Qc2 b5 8. a4 b4 9. Nbd2 Bb7 10. Nxc4 Be4 11. Qd2 Nbd7 12. b3 ({RR} 12. Rd1 c5 13. dxc5 Nxc5 14. Qxd8 Rfxd8 15. Rxd8+ Rxd8 16. Bf4 Nd5 17. Nfe5 Nxf4 18. gxf4 Bxg2 19. Kxg2 Bf6 20. Kf3 Nb3 21. Rg1 Nd2+ 22. Nxd2 Rxd2 23. Rc1 h6 24. Rc8+ Kh7 25. Rb8 Bxe5 26. fxe5 Rxb2 {½-½ Zimina,O (2291)-Jimenez Fernandez,R (2051) European Women Blitz 2023 2024 (7.15)}) 12... c5 13. Bb2 cxd4 14. Nxd4 $146 ({RR} 14. Bxd4 Nc5 15. Qb2 Rc8 16. Rfd1 Qc7 17. Rac1 Rfd8 18. Nce5 Qb7 19. Bh3 h6 20. Bg2 Bd5 21. Bxc5 Bxc5 22. Ne1 Bxg2 23. Nxg2 Nd5 24. Nd3 Nc3 25. Re1 Bd4 26. Qd2 a5 27. Rc2 Bxf2+ 28. Kxf2 Ne4+ {0-1 Gaurav,R (2099)-Sherman,R (2278) Monsaraz Rapid Open 2023 (4.7)}) 14... Bxg2 15. Kxg2 Nb6 16. Nxb6 Qxb6 17. Rac1 Rad8 18. Qf4 Nd5 19. Qf3 Bf6 20. a5 Qb7 21. e4 Bxd4 22. Bxd4 Nf4+ 23. Qxf4 Rxd4 24. Rc7 Qa6 25. Qe5 Qd3 26. Re1 Rfd8 27. Rxa7 h6 28. Re3 Qc2 29. Rf3 Rxe4 30. Qh5 Kh8 31. Rfxf7 Qc6 32. Qf3 Rd3 33. Rf8+ Kh7 34. Qxd3 1-0

[Event "45th Olympiad 2024"]
[Site "Budapest HUN"]
[Date "2024.09.21"]
[Round "10.51"]
[Board "3"]
[White "Ofowino, Toritsemuwa"]
[Black "Egesa emmanuel"]
[Result "0-1"]
[WhiteElo "2020"]
[BlackElo "2128"]
[PlyCount "166"]
[EventDate "2024.09.11"]
[WhiteTeam "Nigeria"]
[BlackTeam "Uganda"]
[WhiteTeamCountry "NGR"]
[BlackTeamCountry "UGA"]

1. d4 Nf6 2. Nf3 d5 3. c3 Bf5 4. Qb3 Qc8 5. c4 dxc4 6. Qxc4 e6 7. g3 ({RR} 7. Nc3 a6 8. Bf4 Nc6 9. Rc1 Bd6 10. g3 Bxf4 11. gxf4 O-O 12. Bg2 Ne7 13. Ne5 Ng6 14. e3 Nh4 15. Rg1 Nxg2+ 16. Rxg2 Nd7 17. Rg3 Nxe5 18. dxe5 Bg6 19. Ne2 Qd7 20. b4 Rac8 21. Nd4 Rfd8 {0-1 Nakamura,H (2780)-Caruana,F (2786) chess.com SpeedChess 2023 (2.1)}) 7... Nc6 $146 ({RR} 7... Nbd7 8. Bg2 Bd6 9. O-O O-O 10. Nc3 a6 11. e3 h6 12. Qe2 e5 13. h3 Re8 14. Rd1 Rb8 15. b3 b5 16. Bb2 c5 17. dxc5 Bxc5 18. Rac1 Qd8 19. Nd2 Qe7 20. Nde4 b4 21. Nxf6+ Nxf6 22. Na4 {0-1 Injac,T (2422)-Liu,Z (1947) Titled Tue 28th May Late 2024 (1)}) ({RR} 7... Nbd7 8. Bg2 Be7 9. Nc3 O-O 10. Ne5 Nb6 11. Qb3 c5 12. e4 cxd4 13. exf5 dxc3 14. O-O Qc5 15. Re1 exf5 16. bxc3 Ne4 17. Bxe4 fxe4 18. Rxe4 Qd5 19. Re1 Rfe8 20. c4 Qa5 21. Nf3 Qa6 22. Rb1 {½-½ Burcu,C (2303)-Demirtas,A (2060) Satranc Arena IM Chess 3 2024 (1.1)}) ({RR} 7... Nbd7 8. Bg2 Be7 9. O-O O-O 10. Nbd2 h6 11. a4 Bh7 12. Ne5 Nxe5 13. dxe5 Nd5 14. a5 Rb8 15. Nb3 b5 16. axb6 Rxb6 17. Nd2 Qb8 18. Qa2 a6 19. Ne4 Rd8 20. Nc3 c6 21. Na4 Nb4 22. Qc4 {0-1 Dauner,B (2377)-Haba,P (2442) 10th Arber Open 2023 (3.2)}) 8. Bg2 Nb4 9. Na3 Be4 10. Nh4 Bd5 11. Bxd5 exd5 12. Qb3 c6 13. Bd2 Na6 14. O-O Be7 15. Bg5 O-O 16. Qf3 Qe6 17. Ng2 h6 18. Bxf6 Bxf6 19. Nc2 Nc7 20. Nf4 Qd6 21. Rac1 Ne6 22. e3 a5 23. Ne1 Bg5 24. Nfd3 Rfe8 25. Rc2 Be7 26. Ne5 Ng5 27. Qh5 Bf8 28. N1d3 g6 29. Qd1 Bg7 30. Kg2 Re7 31. Nf3 Qe6 32. Nxg5 hxg5 33. Nc5 Qf5 34. h3 Bf6 35. Rc3 Kg7 36. Qg4 Qxg4 37. hxg4 Rc7 38. Na4 Be7 39. Rfc1 Ra6 40. R3c2 Rd7 41. a3 Rd8 42. Rh1 Rb8 43. Rhc1 Kf6 44. Nc5 Bxc5 45. Rxc5 a4 46. R1c3 Rba8 47. Kf3 Rb6 48. Rc2 Rb3 49. R5c3 Rb5 50. Rc5 Raa5 51. Rxb5 Rxb5 52. Ke2 Ke6 53. Kd2 Kd6 54. Kc3 Rb3+ 55. Kd2 b6 56. Kc1 c5 57. Rc3 Rb5 58. Rd3 c4 59. Rc3 Ra5 60. Kd2 Ra8 61. Rc1 Rh8 62. Kc3 Rh2 63. Rc2 b5 64. Kb4 Kc6 65. Ka5 f5 66. gxf5 gxf5 67. Kb4 g4 68. Kc3 Kb6 69. Rd2 Ka5 70. Kc2 b4 71. Re2 Rh1 72. Rd2 Rf1 73. axb4+ Kxb4 74. Re2 Ra1 75. Rd2 a3 76. bxa3+ Kxa3 77. Kc3 Rc1+ 78. Rc2 Rxc2+ 79. Kxc2 Kb4 80. Kb2 c3+ 81. Kc1 Kb3 82. Kb1 c2+ 83. Kc1 Kc3 0-1

[Event "45th Olympiad 2024"]
[Site "Budapest HUN"]
[Date "2024.09.21"]
[Round "10.51"]
[Board "4"]
[White "Nsubuga, Haruna"]
[Black "Quickpen, Deborah Ebimobo-Ere"]
[Result "0-1"]
[WhiteElo "2243"]
[BlackElo "1918"]
[PlyCount "118"]
[EventDate "2024.09.11"]
[WhiteTeam "Uganda"]
[BlackTeam "Nigeria"]
[WhiteTeamCountry "UGA"]
[BlackTeamCountry "NGR"]

1. e4 c5 2. Nf3 Nc6 3. d4 cxd4 4. Nxd4 g6 5. Nxc6 bxc6 6. Qd4 Nf6 7. e5 Nh5 8. Nc3 ({RR} 8. e6 Bg7 9. exf7+ Kxf7 10. Qc4+ e6 11. Be2 Rf8 12. Nc3 Nf6 13. Bg5 Qb6 14. Be3 Qc7 15. Bf4 Qb6 16. Bd6 Re8 17. O-O Bf8 18. Bxf8 Rxf8 19. Rad1 Qxb2 20. Rb1 Qa3 21. Rb3 Qa5 22. Qf4 Qf5 {1-0 Da Silva,J (1912)-Pavao,A (1366) Niteroi op 2nd 2022 (9)}) 8... Ng7 ({RR} 8... Qb6 9. Qe4 f5 10. Qc4 Bg7 11. f4 d5 12. Qb3 Rb8 13. Be2 O-O 14. Qxb6 axb6 15. g3 Rd8 16. Bf3 Bf8 17. b4 e6 18. a3 Ba6 19. Bd2 Ng7 20. Kf2 Ne8 21. Rhb1 Nc7 22. a4 d4 23. Nd1 {½-½ Beliavsky,A (2615)-Karlsson,L (2500) Olympiad-25 Luzern 1982 (13)}) 9. Bd3 Ne6 10. Qh4 $146 ({RR} 10. Qe3 Bg7 11. f4 Qb6 12. O-O d5 13. Qxb6 axb6 14. a3 Nc5 15. Be3 Nxd3 16. cxd3 Rb8 17. b4 Bf5 18. d4 O-O 19. h3 Rfd8 20. Na4 Bc2 21. Nb2 Bf5 22. Rfc1 Bd7 23. Kf2 f6 24. g4 Kf7 {0-1 Holm,F (1700)-Klausen,K (1937) Reykjavik op 2015 (8)}) 10... Bg7 11. f4 d6 12. exd6 exd6 13. Qxd8+ Kxd8 14. Ne4 Kc7 15. c3 c5 16. Be3 Bb7 17. O-O f5 18. Nd2 Rhe8 19. Kf2 a5 20. Rad1 Bc6 21. Nc4 d5 22. Ne5 Nxf4 23. Bxf4 Bxe5 24. Be3 Bd6 25. b3 a4 26. b4 cxb4 27. cxb4 Bxb4 28. Rb1 Rab8 29. Rfc1 Kd7 30. Ba7 Rb7 31. Bd4 Reb8 32. Rc2 Bd6 33. Rxb7+ Rxb7 34. h4 Rb4 35. Bf6 Bb5 36. Bxb5+ Rxb5 37. Kf3 Rb4 38. Bg5 a3 39. Rd2 d4 40. Rd1 Bc5 41. h5 Rb2 42. Rc1 Bb6 43. Re1 Bc5 44. Re5 Kc6 45. Be7 Bxe7 46. Rxe7 gxh5 47. Rxh7 Rxa2 48. Rh6+ Kc5 49. Rxh5 Rb2 50. Rxf5+ Kc4 51. Ra5 a2 52. Ra8 d3 53. Rc8+ Kb3 54. Ra8 Kc2 55. Rc8+ Kb1 56. Rd8 a1=Q 57. Rxd3 Qa8+ 58. Ke3 Qxg2 59. Rd6 Qg3+ 0-1

[Event "45th Olympiad 2024"]
[Site "Budapest HUN"]
[Date "2024.09.21"]
[Round "10.52"]
[Board "1"]
[White "Laohawirapap, Prin"]
[Black "Mesfin, Leykun"]
[Result "1-0"]
[WhiteElo "2380"]
[BlackElo "2118"]
[PlyCount "65"]
[EventDate "2024.09.11"]
[WhiteTeam "Thailand"]
[BlackTeam "Ethiopia"]
[WhiteTeamCountry "THA"]
[BlackTeamCountry "ETH"]

1. e4 c5 2. Nc3 e6 3. f4 Nc6 4. Nf3 Nge7 5. g3 g6 6. e5 ({RR} 6. d4 Bg7 7. dxc5 O-O 8. Be3 b6 9. cxb6 d5 10. e5 f6 11. exf6 Bxf6 12. Ne2 Nf5 13. Bc5 Rf7 14. Ned4 Ncxd4 15. Nxd4 axb6 16. Nxf5 exf5 17. Bd4 Qe8+ 18. Kf2 Qe4 19. Bxf6 Qxh1 20. Bc3 Ra4 {½-½ Matjushin,G (2424)-Savchenko,Y (2416) Donetsk Region-ch 2003 (4)}) ({RR} 6. d4 cxd4 7. Nxd4 Bg7 8. Be3 O-O 9. Qd2 Nxd4 10. Bxd4 Bxd4 11. Qxd4 Nc6 12. Qd6 Qe7 13. O-O-O a6 14. e5 Qxd6 15. Rxd6 Ne7 16. Bg2 Nf5 17. Rd3 Rb8 18. Ne4 Rd8 19. Rhd1 b5 20. Nf6+ Kg7 {1-0 Mortazavi,A (2333)-Papp,P (2347) Titled Tue 17th Jan Late 2023 (4)}) 6... Bg7 $146 ({RR} 6... d5 7. exd6 Nf5 8. Ne4 Bxd6 9. Nxd6+ Qxd6 10. Bg2 O-O 11. O-O e5 12. d3 c4 13. dxc4 Qc5+ 14. Kh1 e4 15. Ng5 e3 16. g4 Qxc4 17. Bd5 e2 18. Bxc4 exd1=Q 19. Rxd1 Nfd4 20. h3 Nxc2 21. Rb1 {1-0 Gvetadze,S (2303)-Khizanashvili,V (2081) GEO-ch I Liga 2002 (4)}) ({RR} 6... a6 7. Ne4 Nf5 8. Nf6+ Ke7 9. Ne4 b6 10. g4 Nfd4 11. c3 Nb5 12. Bxb5 axb5 13. d4 cxd4 14. f5 f6 15. exf6+ Kf7 16. Nfg5+ Kg8 17. f7+ Kg7 18. f6+ {1-0 Saemundsson,B (1947)-Einarsson,O (1618) Reykjavik op 2012 (2)}) ({RR} 6... d5 7. exd6 Nf5 8. Ne5 Nxe5 9. fxe5 Bg7 10. Nb5 O-O 11. Qe2 Bd7 12. c3 Bc6 13. Rg1 Qb6 14. Na3 Bd5 15. d3 f6 16. exf6 Bxf6 17. Bg2 c4 18. d4 Bxd4 19. cxd4 Nxd4 20. Qe3 Bxg2 21. Rxg2 {0-1 Nielsen,T (2250)-Bator,R (2355) Gistrup 1992 (3)}) 7. Ne4 O-O 8. Bg2 b6 9. O-O Rb8 10. d3 d5 11. Nf6+ Kh8 12. g4 d4 13. Ng5 Bxf6 14. exf6 Nd5 15. Ne4 Bb7 16. g5 Ne3 17. Bxe3 dxe3 18. c3 Ba6 19. Re1 Qxd3 20. Qf3 e2 21. Qxd3 Bxd3 22. Nf2 Ba6 23. Bxc6 Rfd8 24. Bf3 Rd2 25. b3 h6 26. gxh6 Kh7 27. Ne4 Rc2 28. Ng5+ Kxh6 29. Nxf7+ Kh7 30. Ng5+ Kg8 31. c4 Bc8 32. Rxe2 Rxe2 33. Bxe2 1-0

[Event "45th Olympiad 2024"]
[Site "Budapest HUN"]
[Date "2024.09.21"]
[Round "10.52"]
[Board "2"]
[White "Tsige, Addisalem Temesgen"]
[Black "Kulpruethanon, Thanadon"]
[Result "0-1"]
[WhiteElo "2068"]
[BlackElo "2286"]
[PlyCount "122"]
[EventDate "2024.09.11"]
[WhiteTeam "Ethiopia"]
[BlackTeam "Thailand"]
[WhiteTeamCountry "ETH"]
[BlackTeamCountry "THA"]

1. d4 Nf6 2. Bf4 d5 3. e3 c5 4. c3 Nc6 5. Nd2 Bf5 6. Qb3 Qd7 7. Ngf3 c4 8. Qd1 e6 9. Nh4 Bd6 10. Nxf5 exf5 11. Be2 O-O 12. O-O Rfe8 13. Nf3 b5 14. Re1 $146 ({RR} 14. Qc2 Ne4 15. Rad1 b4 16. Bxd6 Qxd6 17. Nd2 Rab8 18. Nxe4 fxe4 19. b3 cxb3 20. axb3 bxc3 21. Qxc3 Rec8 22. Ba6 Rc7 23. Rc1 Rb6 24. Be2 g6 25. Qc5 Qe6 26. b4 Rcb7 27. b5 Ne7 28. Qa3 h5 {1-0 Ismagilov,D (2156)-Zhigalko,S (2572) Titled Tue 28th Mar Early 2023 (9)}) 14... Ne4 15. Bxd6 Qxd6 16. Nd2 Nf6 17. b3 g6 18. a4 a6 19. Bf3 Na5 20. b4 Nb7 21. Qc2 Qc6 22. Ra2 Nd6 23. Rea1 Re6 24. axb5 Nxb5 25. Ra5 Rae8 26. g3 h5 27. Nb1 h4 28. Kg2 Kg7 29. Qa4 g5 30. Rxa6 Qxa6 31. Qxa6 Rxa6 32. Rxa6 g4 33. Bd1 h3+ 34. Kf1 Rb8 35. Bc2 Kg6 36. Ba4 Nc7 37. Ra7 Ne6 38. Bc6 Rb6 39. Ba4 Ng5 40. Bd1 Nfe4 41. Ra5 Rd6 42. b5 Kf6 43. Ra6 Ke7 44. b6 Kd7 45. Na3 Kc6 46. Nc2 Kb7 47. Nb4 Nxc3 48. Bc2 Rxb6 49. Rxb6+ Kxb6 50. Bxf5 Nf3 51. Nc2 Nxh2+ 52. Kg1 Nf3+ 53. Kf1 Ne4 54. Bxe4 dxe4 55. Nb4 Nd2+ 56. Kg1 Nb1 57. Nd5+ Kb5 58. Nf4 c3 59. Ne2 Kc4 60. Nc1 c2 61. Kh2 Nc3 0-1